Kurzové rozdiely vznikajúce v pokladnici
Charakteristika kurzového rozdielu. Charakter kurzového rozdielu môže byť kurzový zisk alebo kurzová strata. Čo je kurzový zisk a čo kurzová strata. Hotovosť účtovnej jednotky v cudzej mene sa prepočítava na Slovensku na menu euro od 1. januára 2009. Príklady.
Enregistré dans:
| Auteur principal: | |
|---|---|
| Format: | Chapitre de livre |
| Langue: | slovaque |
| Sujets: | |
| Tags: |
Pas de tags, Soyez le premier à ajouter un tag!
|
MARC
| LEADER | 00000naa$a2200000$$$4500 | ||
|---|---|---|---|
| 001 | 0114741 | ||
| 005 | 20240502072300.5 | ||
| 041 | 0 | |a slo | |
| 044 | |a SK | ||
| 245 | 1 | 0 | |a Kurzové rozdiely vznikajúce v pokladnici |c Renáta Feketeová |
| 520 | |a Charakteristika kurzového rozdielu. Charakter kurzového rozdielu môže byť kurzový zisk alebo kurzová strata. Čo je kurzový zisk a čo kurzová strata. Hotovosť účtovnej jednotky v cudzej mene sa prepočítava na Slovensku na menu euro od 1. januára 2009. Príklady. | ||
| 610 | 2 | 0 | |a kurz menový |
| 610 | 2 | 0 | |a rozdiely kurzové |
| 610 | 2 | 0 | |a zisk |
| 610 | 2 | 0 | |a strata |
| 610 | 2 | 0 | |a mena |
| 610 | 2 | 0 | |a euro |
| 610 | 2 | 0 | |a jednotka účtovná |
| 610 | 2 | 0 | |a Slovensko |
| 100 | 1 | |a Feketeová, Renáta, 1974- | |